[Event "Ruhrgebiet-ch"]
[Site "Oberhausen"]
[Date "2004.06.10"]
[Round "1"]
[White "Grewe, Ludger"]
[Black "Doenges, Dirk"]
[Result "1-0"]
[WhiteElo "2167"]
[BlackElo "1924"]
[PlyCount "63"]
[EventDate "2004.06.10"]
[EventType "swiss"]
[EventRounds "7"]
[EventCountry "GER"]
[SourceTitle "EXT 2006"]
[Source "ChessBase"]
[SourceDate "2005.11.24"]
[SourceVersion "1"]
[SourceVersionDate "2005.11.24"]
[SourceQuality "1"]

1. e4 e5 2. Nf3 Nc6 3. Bb5 d6 4. d4 exd4 5. Nxd4 Bd7 6. Nc3 Nxd4 7. Bxd7+ Qxd7 8. Qxd4 Ne7 9. 0-0 Nc6 10. Qa4 Be7 11. Bf4 0-0 12. Rad1 Rfe8 13. Rfe1 Bf6 14. Nd5 Qd8 15. c3 Rc8 16. Qb5 Rb8 17. Nxc7 Qxc7 18. Bxd6 Qc8 19. Bxb8 Qxb8 20. Rd7 Qf4 21. Rxb7 Rc8 22. Qc4 Qd2 23. Rf1 Kh8 24. Rxf7 Qd8 25. Qd5 Qb6 26. Qf5 Rd8 27. Qe6 Qc5 28. Rd7 Rf8 29. Rc7 Nd4 30. Qxf6 Ne2+ 31. Kh1 Ng3+ 32. hxg3 1-0

[Event "Ruhrgebiet VL1 0304"]
[Site "Ruhrgebiet"]
[Date "2004.04.25"]
[Round "9.1"]
[White "Barthel, Ansgar"]
[Black "Grewe, Ludger"]
[Result "0-1"]
[WhiteElo "2195"]
[BlackElo "2159"]
[PlyCount "70"]
[EventDate "2003.09.28"]
[EventType "team"]
[EventRounds "9"]
[EventCountry "GER"]
[SourceTitle "EXT 2007"]
[Source "ChessBase"]
[SourceDate "2006.11.23"]
[SourceVersion "1"]
[SourceVersionDate "2006.11.23"]
[SourceQuality "1"]
[WhiteTeam "Altstadt RE"]
[BlackTeam "Osterfeld"]
[WhiteTeamCountry "GER"]
[BlackTeamCountry "GER"]

1. e4 e6 2. d4 d5 3. Nc3 Bb4 4. e5 c5 5. a3 Bxc3+ 6. bxc3 Ne7 7. h4 Nbc6 8. h5 Qa5 9. Bd2 cxd4 10. cxd4 Qa4 11. Nf3 Nxd4 12. Bd3 h6 13. Kf1 Nxf3 14. Qxf3 b6 15. Qg3 Ba6 16. Qxg7 Bxd3+ 17. cxd3 Rg8 18. Qh7 Qg4 19. Rh2 Kd7 20. Qxh6 Qd4 21. Rc1 Qxd3+ 22. Ke1 Rac8 23. Rxc8 Rxc8 24. Qe3 Qb1+ 25. Ke2 Rc4 26. Qd3 Re4+ 27. Be3 Qb2+ 28. Kf3 Nc6 29. Qa6 Kc7 30. h6 Nxe5+ 31. Kg3 Nc6 32. Rh5 Qf6 33. Rh3 Qe5+ 34. Kf3 Nd4+ 35. Bxd4 Qf4# 0-1